000 nam a22 a 4500
999 _c407289
_d407289
003 BLK
005 20211030115342.0
008 210409b bu |||||r|||| 00| | bu d
040 _aBLK
041 _aRUS
_cRUS
080 _aГражданско право
_b347
_z347
100 _91299
_aАнненков, Константин Никанорович
_eпърви автор
139 _aАнненков, Константин Никанорович
245 _aОпыт комментария к Уставу гражданского судопроизводства
_cК. Анненков
_nТ. 1 -
_pТ.1 1. Подсудность, 2. Общий порядок производства дел
250 _a 2 попр. и доп.
260 _9435436
_aСанкт-Петербург
_bтип. М.М. Стасюлевича
_c1887-1888
300 _c24 см
380 _a3
490 _9435080
_aКолекция Редки и ценни издания
650 0 _9266243
_aГражданско право
653 7 _9199073
_aустави
653 7 _9188903
_aкоментари
760 _aАнненков, Константин Никанорович
_dСанкт-Петербург, 1887
_h[4], IV, 456 с.
_oТ. 1: 1. Подсудность, 2. Общий порядок производства дел
852 _aРр 887
_bРц
942 _cKNG
_n0
_s1
944 _aCR
_c2021-04-09
_kА.М.
999 _d407289
999 _d407289
999 _d407289